[Event "Mittelrhein Verbandsliga-S 18/19"]
[Site "Nordrheinwestfalen"]
[Date "2018.09.02"]
[Round "1.7"]
[White "Stoffels, Markus"]
[Black "Koegler, Christof"]
[Result "0-1"]
[WhiteElo "1742"]
[BlackElo "2010"]
[PlyCount "52"]
[EventDate "2018.09.02"]
[EventType "team-tourn"]
[EventRounds "11"]
[EventCountry "GER"]
[SourceTitle "EXT 2022"]
[Source "ChessBase"]
[SourceDate "2021.10.06"]
[SourceVersion "1"]
[SourceVersionDate "2021.10.06"]
[SourceQuality "1"]
[WhiteTeam "Hennef"]
[BlackTeam "Godesberg II"]
[WhiteTeamCountry "GER"]
[BlackTeamCountry "GER"]

1. e4 c5 2. Nc3 e6 3. g3 Nc6 4. Bg2 Nf6 5. d3 h6 6. f4 d5 7. e5 Ng8 8. Nh3 Nge7 9. 0-0 Nf5 10. Ne2 b5 11. c3 Qb6 12. Qe1 Be7 13. g4 Nh4 14. Bh1 Ba6 15. Be3 h5 16. gxh5 b4 17. Rd1 Nf5 18. Ng3 Nxg3 19. hxg3 Rxh5 20. Nf2 0-0-0 21. Bf3 Rh7 22. Kg2 Rdh8 23. Rh1 Rxh1 24. Nxh1 Bb7 25. Nf2 g5 26. Qd2 d4 0-1